Television News as an Information Source and Its Perception in Slovakia

Spravodajstvo ako jeden z najvýznamnejších informačných zdrojov, prostredníctvom ktorého sa mediálne publikum oboznámi s aktuálnymi záležitosťami súvisiacimi so všetkými aspektmi spoločenského života. Problematika vnímania správ a ich interpretácia prijímateľmi s dôrazom na získavanie nových informá...

Descrizione completa

Salvato in:
Dettagli Bibliografici
Autore principale: Višňovský, Ján
Altri autori: Mináriková, Juliána, Greguš, Ľuboš, Kubíková, Katarína
Natura: Capitolo di libro
Lingua:inglese
Soggetti:
Tags: Aggiungi Tag
Nessun Tag, puoi essere il primo ad aggiungerne!!

MARC

LEADER 00000naa a2200000 4500
001 0253758
005 20221104110756.6
041 0 |a eng 
044 |a SK 
245 1 0 |a Television News as an Information Source and Its Perception in Slovakia  |c Ján Višňovský, Juliána Mináriková, Ľuboš Greguš, Katarína Kubíková 
520 |a Spravodajstvo ako jeden z najvýznamnejších informačných zdrojov, prostredníctvom ktorého sa mediálne publikum oboznámi s aktuálnymi záležitosťami súvisiacimi so všetkými aspektmi spoločenského života. Problematika vnímania správ a ich interpretácia prijímateľmi s dôrazom na získavanie nových informácií. špecifické požiadavky a očakávania spoločnosti spojené s televíznymi správami, ako aj dnešnými televíznymi divákmi. Význam správ z hľadiska každodenného života jej príjemcov, zdôrazňujúc jeho informačnú a vzdelávaciu funkciu. 
610 2 0 |a televízia 
610 2 0 |a zdroje informácií 
610 2 0 |a spoločnosť 
610 2 0 |a médiá 
610 2 0 |a novinárstvo 
100 1 |a Višňovský, Ján 
700 1 |a Mináriková, Juliána 
700 1 |a Greguš, Ľuboš 
700 1 |a Kubíková, Katarína